Chữ ký số, chứng chỉ số và cơ sở hạ tầng khóa công khai : Các vấn đề kỹ thuật và ứng dụng
Cuốn sách giới thiệu những kiến thức cơ bản về chữ ký số, chứng chỉ số, cơ sở hạ tầng khóa công khai và ứng dụng thực tế của chữ ký số và chứng chỉ số trong các giao dịch điện tử an toàn, cũng như trong các ứng dụng an toàn khác....
Guardado en:
| Autor principal: | |
|---|---|
| Formato: | Libro |
| Lenguaje: | Undetermined |
| Publicado: |
Hà Nội
Bưu Điện
2007
|
| Materias: | |
| Etiquetas: |
Agregar Etiqueta
Sin Etiquetas, Sea el primero en etiquetar este registro!
|
| Thư viện lưu trữ: | Trung tâm Học liệu Trường Đại học Cần Thơ |
|---|
| LEADER | 01095nam a2200217Ia 4500 | ||
|---|---|---|---|
| 001 | CTU_142347 | ||
| 008 | 210402s9999 xx 000 0 und d | ||
| 020 | |c 36000 | ||
| 082 | |a 621.382 | ||
| 082 | |b B312 | ||
| 100 | |a Đỗ, Xuân Bình | ||
| 245 | 0 | |a Chữ ký số, chứng chỉ số và cơ sở hạ tầng khóa công khai : | |
| 245 | 0 | |b Các vấn đề kỹ thuật và ứng dụng | |
| 245 | 0 | |c Đỗ Xuân Bình | |
| 260 | |a Hà Nội | ||
| 260 | |b Bưu Điện | ||
| 260 | |c 2007 | ||
| 520 | |a Cuốn sách giới thiệu những kiến thức cơ bản về chữ ký số, chứng chỉ số, cơ sở hạ tầng khóa công khai và ứng dụng thực tế của chữ ký số và chứng chỉ số trong các giao dịch điện tử an toàn, cũng như trong các ứng dụng an toàn khác. | ||
| 650 | |a Digital signatures,World Wide Web,Internet,Chữ ký số | ||
| 904 | |i Trọng Hiếu | ||
| 980 | |a Trung tâm Học liệu Trường Đại học Cần Thơ | ||